Буддийские и добуддийские тексты Монголии (XIII - XIX вв.) (Запись № 12511405)

Подробности
000 -МАРКЕР
контрольное поле 02451nam0a2200445 4500
001 - ИДЕНТИФИКАТОР ЗАПИСИ
контрольное поле RU\NLR\BIBL_A\022020743
005 - ИДЕНТИФИКАТОР ВЕРСИИ
контрольное поле 20260607073601.0
010 ## - МЕЖДУНАРОДНЫЙ СТАНДАРТНЫЙ НОМЕР КНИГИ (ISBN)
Номер (ISBN) 978-5-6050259-0-0
Тираж 300
021 ## - НОМЕР ГОСУДАРСТВЕННОЙ РЕГИСТРАЦИИ
Код страны Российская Федерация
Номер КН-П-23-050721
Номер Листа государственной регистраци КН-П-23-5092
035 ## - ДРУГИЕ СИСТЕМНЫЕ НОМЕРА
Идентификатор записи (NLR Aleph) 022020743
035 ## - ДРУГИЕ СИСТЕМНЫЕ НОМЕРА
Идентификатор записи (RuMoRGB)012014562
100 ## - ДАННЫЕ ОБЩЕЙ ОБРАБОТКИ
Данные общей обработки 20230907d2023 k y0rusy50 ca
101 1# - ЯЗЫК РЕСУРСА
Язык текста, звукозаписи и т.д. русский
Язык оригинала монгольский
-- тибетский
102 ## - СТРАНА ПУБЛИКАЦИИ ИЛИ ПРОИЗВОДСТВА
Страна публикации Российская Федерация
105 ## - ПОЛЕ КОДИРОВАННЫХ ДАННЫХ: ТЕКСТОВЫЕ МАТЕРИАЛЫ, МОНОГРАФИЧЕСКИЕ
Кодированные данные о монографическом текстовом документе a|||z 000zy
181 #0 - ПОЛЕ КОДИРОВАННЫХ ДАННЫХ: ВИД СОДЕРЖАНИЯ
Код вида содержания (ISBD) i3
Код характеристики содержания (ISBD) axxe
182 #0 - ПОЛЕ КОДИРОВАННЫХ ДАННЫХ: ТИП СРЕДСТВА
Код типа средства (ISBD) n - непосредственное
200 1# - ЗАГЛАВИЕ И СВЕДЕНИЯ ОБ ОТВЕТСТВЕННОСТИ
Основное заглавие Буддийские и добуддийские тексты Монголии (XIII - XIX вв.)
Сведения, относящиеся к заглавию антология монгольской мысли
Первые сведения об ответственности составители: д-р филол. наук А. Д. Цендина, д-р филос. наук В. Г. Буров
Последующие сведения об ответственности перевод с монгольского и тибетского, примечания, статьи: канд. филол. наук Ю. И. Елихина [и др.]
203 ## - ВИД СОДЕРЖАНИЯ И ТИП СРЕДСТВА
Вид содержания Текст
Дополнительные сведения об издании визуальный
Тип средства непосредственный
210 ## - ПУБЛИКАЦИЯ, РАСПРОСТРАНЕНИЕ И ДР.
Место издания, распространения и т.д. Москва
Имя издателя, распространителя и т. д. Фонд содействия буддийскому образованию и исследованиям
Дата издания, распространения и т.д. 2023
215 ## - ФИЗИЧЕСКАЯ ХАРАКТЕРИСТИКА
Специфическое обозначение материала и объем 479 с.
Другие сведения о физической характеристике ил.
Размеры 22
225 1# - СЕРИЯ
Основное заглавие серии Издательская программа Фонда содействия буддийскому образованию и исследованиям
320 ## - ПРИМЕЧАНИЯ О НАЛИЧИИ В ДОКУМЕНТЕ БИБЛИОГРАФИИ / УКАЗАТЕЛЯ
Текст примечания Библиогр.: с. 465-470
606 1# - НАИМЕНОВАНИЕ ТЕМЫ КАК ПРЕДМЕТ
Наименование темы Буддизм
Формальный подзаголовок Источники и источниковедение
Географический подзаголовок Монголия
Системный номер авторитетной/нормативной записи 1194388
Идентификатор авторитетной/нормативной записи RU\NLR\AUTH\66164678
606 1# - НАИМЕНОВАНИЕ ТЕМЫ КАК ПРЕДМЕТ
Наименование темы Шаманизм
Формальный подзаголовок Источники и источниковедение
Географический подзаголовок Монголия
Системный номер авторитетной/нормативной записи 2239163
Идентификатор авторитетной/нормативной записи RU\NLR\AUTH\6601575254
606 1# - НАИМЕНОВАНИЕ ТЕМЫ КАК ПРЕДМЕТ
Наименование темы Монгольская литература
Тематический подзаголовок Памятники
Системный номер авторитетной/нормативной записи 1490204
Идентификатор авторитетной/нормативной записи RU\NLR\AUTH\66640391
606 1# - НАИМЕНОВАНИЕ ТЕМЫ КАК ПРЕДМЕТ
Наименование темы Монгольский фольклор
Системный номер авторитетной/нормативной записи 930627
Идентификатор авторитетной/нормативной записи RU\NLR\AUTH\66342580
686 1# - ИНДЕКСЫ ДРУГИХ КЛАССИФИКАЦИЙ
Индекс Э240.73,1
686 1# - ИНДЕКСЫ ДРУГИХ КЛАССИФИКАЦИЙ
Индекс Ш3(54Мо)-33
686 1# - ИНДЕКСЫ ДРУГИХ КЛАССИФИКАЦИЙ
Индекс Ш5(5Мо)-33
686 2# - ИНДЕКСЫ ДРУГИХ КЛАССИФИКАЦИЙ
Индекс Э35-39(5Мо),1
702 #1 - ИМЯ ЛИЦА - ВТОРИЧНАЯ ОТВЕТСТВЕННОСТЬ
Код отношения Составитель
Начальный элемент ввода Цендина
Часть имени, кроме начального элемента ввода А. Д.
Даты 1954-
Расширение инициалов личного имени Анна Дамдиновна
Системный номер авторитетной/нормативной записи 135592
Идентификатор авторитетной/нормативной записи RU\NLR\AUTH\770135627
702 #1 - ИМЯ ЛИЦА - ВТОРИЧНАЯ ОТВЕТСТВЕННОСТЬ
Код отношения Переводчик
Графика поля Кириллица
Материалы, к которым относится поле rus
Начальный элемент ввода Елихина
Часть имени, кроме начального элемента ввода Ю. И.
Даты 1964-
Расширение инициалов личного имени Юлия Игоревна
Идентификатор авторитетной/нормативной записи RU\NLR\AUTH\770163872
Системный номер авторитетной/нормативной записи 163828
942 ## - ДОПОЛНИТЕЛЬНЫЕ ЭЛЕМЕНТЫ ЗАПИСИ (АБИС)
Тип экземпляра АБИС Книга
980 ## - КОЛЛЕКЦИЯ
Название коллекции Национальная библиография
Экземпляры
Тип экземпляра Дата поступления Источник поступления Библиотека постоянного хранения Библиотека текущего хранения Место хранения Шифр хранения Штрих-код Статус экземпляра
Книга 07.09.2023 Обязательный экземпляр РНБ (Московский) РНБ (Московский) Русский книжный фонд: издания с 1957 года 2023-5/7035 1-4328227  
Книга 07.09.2023 Обязательный экземпляр РНБ (Московский) РНБ (Московский) Русский книжный фонд: издания с 1957 года 2023-5/7035 1-4328228